| 000 | 01295cam a2200385 a 4500 | ||
|---|---|---|---|
| 001 | 11993342 | ||
| 003 | TR-AnTOB | ||
| 005 | 20251229144415.0 | ||
| 007 | ta | ||
| 008 | 000307s1998 tu a b 000 0 tur | ||
| 010 | _a 00286323 | ||
| 035 | _a(DLC) 00286323 | ||
| 040 |
_aDLC _beng _cDLC _erda |
||
| 041 | 0 | _atur | |
| 042 | _alcode | ||
| 043 | _aa-tu--- | ||
| 050 | 0 | 4 |
_aHG5706.5.Z95 _bY485 1998 |
| 090 |
_aHG5706.5.Z95 _bY485 1998 |
||
| 100 |
_aYetkin, Sabri _eauthor _99495 |
||
| 245 | 1 | 0 |
_aKuruluştan günümüze İzmir Ticaret Borsası tarihi / _cSabri Yetkin, Erkan Serçe. |
| 246 | 3 | 0 | _aİzmir Ticaret Borsası tarihi |
| 264 | 1 |
_aİzmir : _bİletişimevi, _c1998. |
|
| 300 |
_avii, 326 pages : _billustrations ; _c31 cm. |
||
| 336 |
_2rdacontent _atext _btxt |
||
| 337 |
_2rdamedia _aunmediated _bn |
||
| 338 |
_2rdacarrier _avolume _bnc |
||
| 610 | 2 | 0 |
_aİzmir Ticaret Borsası _xTarih _y19. yüzyıl _927477 |
| 610 | 2 | 0 |
_aİzmir Ticaret Borsası _xTarih _y20. yüzyıl _927477 |
| 650 | 7 |
_aTicaret borsaları _zTürkiye _zİzmir _xTarih _2etuturkob _919364 |
|
| 651 | 0 |
_aİzmir (Türkiye) _xTarih _y19. yüzyıl _951516 |
|
| 651 | 0 |
_aİzmir (Türkiye) _xTarih _y20. yüzyıl _951516 |
|
| 700 | 1 |
_aSerçe, Erkan _9122607 _eauthor |
|
| 942 |
_2lcc _cBK |
||
| 999 |
_c200447695 _d65907 |
||